Who Scored That Goal? UCL Edition - Statistics

General Stats
  • This quiz has been taken 130 times
  • The average score is 15 of 20
Answer Stats
Answer % Correct
Cristiano Ronaldo
99%
Erling Haaland
91%
Zinedine Zidane
91%
Sergio Ramos
88%
Didier Drogba
86%
Lionel Messi
85%
Declan Rice
81%
Neymar
81%
Mario Mandzukic
78%
Arjen Robben
77%
Divock Origi
76%
Karim Benzema
73%
Lucas Moura
72%
Radamel Falcao
70%
Fernando Torres
69%
Marcus Rashford
68%
Paul Scholes
61%
Ronaldinho
61%
Dejan Stankovic
51%
Micky van de Ven
45%
No matching quizzes found
Score Distribution
Percent of People with Each Score
Percentile by Number Answered
Your Score History
You have not taken this quiz